[Event "ch-SUI Hauptturnier 1 2012"]
[Site "Flims SUI"]
[Date "2012.07.16"]
[Round "5"]
[White "Nuri,Kam"]
[Black "Kappeler,K"]
[Result "0-1"]
[WhiteElo "2270"]
[BlackElo "2297"]

1.e4 c5 2.Nf3 e6 3.d4 cxd4 4.Nxd4 Nc6 5.Nc3 d6 6.Be3 Nf6 7.Be2 Be7 8.O-O O-O
9.f4 e5 10.Nb3 exf4 11.Rxf4 Ne8 12.Qd2 Bf6 13.Raf1 Be5 14.R4f2 Nf6 15.Nd4 Nxd4
16.Bxd4 Be6 17.Qe3 a6 18.Rd1 Qc7 19.Qg5 Bxd4 20.Rxd4 Qc5 21.Qd2 Rad8 22.Bf3 Qe5
23.Qd1 Bg4 24.Rfd2 Bxf3 25.gxf3 b5 26.a3 a5 27.Ne2 h5 28.c3 h4 29.Kh1 Rfe8
30.Qf1 g5 31.Qg2 Kh8 32.Rd5 Nxd5 33.Rxd5 Qf6 34.Rf5 Qh6 35.Rxb5 Re5 36.Rb7 d5
37.Nd4 dxe4 38.Rxf7 Qg6 39.Ra7 Rf8 40.Qe2 Rfe8 41.Ra6 exf3  0-1

[Event "Turkish Bank Chess League 2012"]
[Site "Konya TUR"]
[Date "2012.07.16"]
[Round "6"]
[White "Iordachescu,V"]
[Black "Durarbayli,V"]
[Result "1-0"]
[WhiteElo "2636"]
[BlackElo "2576"]

1.e4 c5 2.Nf3 e6 3.d4 cxd4 4.Nxd4 Nc6 5.Nc3 Qc7 6.Be3 Nf6 7.Qd2 Nxd4 8.Qxd4 b6
9.e5 Bc5 10.Qf4 Bxe3 11.fxe3 Nd5 12.Nxd5 exd5 13.Bd3 Bb7 14.O-O O-O 15.Rf3 g6
16.Rh3 f5 17.exf6 Qxf4 18.exf4 Rxf6 19.Re1 Re6 20.Rf1 Rf8 21.f5 Ref6 22.fxg6 Rxf1+
23.Bxf1 hxg6 24.Bd3 Kg7 25.Rg3 Rf6 26.h4 Kh6 27.Kh2 Bc6 28.Rg4 a5 29.Kg3 Re6
30.Kf2 Kh5 31.Rd4 Rf6+ 32.Ke3 Re6+ 33.Kd2 g5 34.Be2+ Kh6 35.hxg5+ Kxg5 36.Bf3 Kf5
37.c3 Rh6 38.Ke3 Ke5 39.Be2 Rh1 40.Rd1 Rh4 41.Bf3 b5 42.Rd4 Rh1 43.a3 Re1+
44.Kd2 Rb1 45.Kc2 Rf1 46.b4 a4 47.Rd2 d6 48.Kb2 Kf4 49.Re2 Bd7 50.Bxd5 Bf5
51.Bc6 Rb1+ 52.Ka2 Rb3 53.Bxb5 Bb1+ 54.Ka1 Be4 55.c4 d5 56.c5 Rxa3+ 57.Ra2 Rb3
58.Rxa4 d4 59.Bc4 Rb1+ 60.Ka2 d3 61.Bxd3 Bxd3 62.b5+ Ke3 63.b6 Kd2 64.Ra3 Rb4
65.Ka1 Kc2 66.Ra2+ Kc1 67.Rf2 Bc4  1-0

[Event "ch-NOR 2012"]
[Site "Sandefjord NOR"]
[Date "2012.07.16"]
[Round "9.9"]
[White "Moen,A"]
[Black "Stokke,K"]
[Result "1/2-1/2"]
[WhiteElo "2392"]
[BlackElo "2395"]

1.e4 c5 2.Nf3 e6 3.d4 cxd4 4.Nxd4 Nc6 5.Nc3 Nf6 6.Nxc6 bxc6 7.e5 Nd5 8.Ne4 Qc7
9.f4 Qb6 10.Ke2 f5 11.Nf2 Bc5 12.Nd3 Ba6 13.Kf3 Be3 14.c3 Rb8 15.Rb1 Bc4
16.b3 Bxc1 17.Qxc1 Bxd3 18.Bxd3 Qc5 19.Bc4 Nb6 20.Be2  1/2-1/2

[Event "16th Battle of Senta Open A"]
[Site "Senta SRB"]
[Date "2012.07.16"]
[Round "4.21"]
[White "Stojkovska,M"]
[Black "Andrejic,V"]
[Result "1-0"]
[WhiteElo "1909"]
[BlackElo "2182"]

1.e4 c5 2.Nf3 e6 3.Nc3 Nc6 4.d4 cxd4 5.Nxd4 Qc7 6.Be3 a6 7.Bd3 Bd6 8.h3 Nge7
9.O-O Ng6 10.Nxc6 bxc6 11.Ne2 Ne5 12.f4 Nxd3 13.cxd3 O-O 14.Kh1 a5 15.f5 exf5
16.Rxf5 g6 17.Rf3 Be5 18.Qc2 Rb8 19.Rb1 d6 20.Bh6 Re8 21.d4 Bh8 22.b3 Qe7
23.Qc4 Rb4 24.Qc1 Qxe4 25.Re3 Bf5 26.Rxe4 Bxe4 27.Rb2 c5 28.Rd2 c4 29.Nc3 Bd3
30.bxc4 Bxc4 31.Bf4 d5 32.Bd6 Rb6 33.Bc5 Rbe6 34.Rd1 Bf6 35.Qf4 Kg7 36.Rb1 Re3
37.Rc1 h6 38.h4 R8e6 39.a3 Be7 40.Bxe7 Rxe7 41.Kh2 R7e6 42.Qc7 a4 43.Qc5 Bb3
44.Nxd5 R3e4 45.Nc7 Rf6 46.Qb5 Rxh4+ 47.Kg1 Rf5 48.Ne8+ Kh7 49.Rc5 Rff4 50.Qb6 Be6
51.Rc1 Rxd4 52.Nf6+ Kg7 53.Ne8+ Kh7 54.Qc5 Rd8 55.Qf8 Rxe8 56.Qxe8 Kg7 57.Rd1 Rg4
58.Rd8 Kf6 59.Qh8+ Kg5 60.Qe5+ Kh4 61.Rd4 Bb3 62.Qh2+ Kg5 63.Rxg4+ Kxg4 64.Qxh6  1-0

[Event "2nd Science Park Open A"]
[Site "Amsterdam NED"]
[Date "2012.07.17"]
[Round "4"]
[White "Beerdsen,Thomas"]
[Black "Brink,B"]
[Result "1/2-1/2"]
[WhiteElo "2044"]
[BlackElo "2195"]

1.e4 c5 2.Nf3 e6 3.d4 cxd4 4.Nxd4 Nc6 5.Nc3 Qc7 6.Be3 Nf6 7.Bd3 a6 8.O-O Ne5
9.h3 Bc5 10.Kh1 d6 11.f4 Ng6 12.Qf3 O-O 13.Qg3 h5 14.f5 Ne5 15.Nce2 Kh8 16.Bg5 Qe7
17.Nf3 Nxf3 18.Rxf3 exf5 19.Nc3 Bd4 20.Nd5 Qd8 21.Qh4 Be6 22.Nf4 Bxb2 23.exf5 Bd7
24.Re1 Re8 25.Ree3 Rxe3 26.Rxe3 Qf8 27.Ne6 Qg8 28.Qb4 Be5 29.Nc7 Ra7 30.Rxe5 dxe5
31.Qc5 Qb8 32.Bxf6 b6 33.Qxe5 gxf6 34.Qxf6+ Kg8 35.Qg5+ Kh8 36.Qf6+  1/2-1/2

[Event "72nd ch-ITA S/F 2012"]
[Site "Civitanova Marche ITA"]
[Date "2012.07.17"]
[Round "4"]
[White "De Filomeno,S"]
[Black "Bruno,Fabi"]
[Result "1/2-1/2"]
[WhiteElo "2338"]
[BlackElo "2423"]

1.e4 c5 2.Nf3 e6 3.d4 cxd4 4.Nxd4 Nc6 5.Nc3 Qc7 6.Be3 Nf6 7.f4 d6 8.Qf3 a6
9.O-O-O h5 10.h3 Bd7 11.Bd3 h4 12.Kb1 Rc8 13.Rhe1 b5 14.Nxc6 Bxc6 15.Bd4 Be7  1/2-1/2

[Event "Sparkassen Open A"]
[Site "Dortmund GER"]
[Date "2012.07.17"]
[Round "4.6"]
[White "Zuse,KP"]
[Black "Hecht,C"]
[Result "1-0"]
[WhiteElo "2278"]
[BlackElo "2050"]

1.e4 c5 2.Nf3 e6 3.d4 cxd4 4.Nxd4 Nc6 5.Nc3 Qc7 6.Be2 a6 7.O-O Nf6 8.Kh1 Be7
9.f4 d6 10.Be3 O-O 11.Qe1 Nxd4 12.Bxd4 b5 13.Bd3 Bb7 14.Qg3 g6 15.e5 Nh5
16.Qg4 d5 17.f5 exf5 18.Bxf5 Ng7 19.e6 f6 20.Bxg6 hxg6 21.Qxg6 Qd8 22.Rae1 Qe8
23.Qg4 Rd8 24.Rf5 Kh7 25.Re3 Nxf5 26.Qxf5+ Qg6 27.Rh3+ Kg7 28.Rg3 Qxg3 29.hxg3 Bc6
30.Ne2 Be8 31.Nf4 Rd6 32.g4  1-0

[Event "Corporation Centre Cup A"]
[Site "Izhevsk RUS"]
[Date "2012.07.17"]
[Round "3.5"]
[White "Grigoriants,S RUS"]
[Black "Bukavshin,I"]
[Result "1/2-1/2"]
[WhiteElo "2575"]
[BlackElo "2487"]

1.e4 c5 2.Nf3 e6 3.d4 cxd4 4.Nxd4 Nc6 5.Nc3 Qc7 6.Be3 a6 7.Qd2 Nf6 8.O-O-O Nxd4
9.Qxd4 Ng4 10.Qb6 Qc6 11.Qxc6 bxc6 12.Bb6 d5 13.f4 c5 14.Rd2 Rb8 15.Bc7 Rb7
16.Ba5 d4 17.Nd1 Bd7 18.Be2 Nf6 19.Bf3 Bc6 20.Re1 Rb5 21.Bc7 Rb7 22.Ba5 Rb5
23.Bc7 Rb7  1/2-1/2

[Event "5th Paleochora Open"]
[Site "Paleochora GRE"]
[Date "2012.07.17"]
[Round "2.21"]
[White "Polzin,R"]
[Black "Hrisanthopoulos,D"]
[Result "1-0"]
[WhiteElo "2469"]
[BlackElo "2047"]

1.e4 c5 2.Nc3 Nc6 3.Nf3 e6 4.d4 cxd4 5.Nxd4 Qc7 6.Be2 a6 7.O-O Nf6 8.Kh1 Nxd4
9.Qxd4 Bc5 10.Qd2 b5 11.Qg5 Bd4 12.Bf4 d6 13.Rad1 Bxc3 14.Bxd6 Nxe4 15.Bxc7 Nxg5
16.Rd8+ Ke7 17.Rxh8 Bf6 18.Bd8+ Kd7 19.Rd1+ Kc6 20.h4 Bd7 21.Bxf6  1-0

[Event "2nd Science Park Open A"]
[Site "Amsterdam NED"]
[Date "2012.07.18"]
[Round "5.8"]
[White "Plukkel,S"]
[Black "Wiersma,E"]
[Result "1-0"]
[WhiteElo "2274"]
[BlackElo "2375"]

1.e4 c5 2.Nf3 Nc6 3.Nc3 e6 4.d4 cxd4 5.Nxd4 Nf6 6.Be2 Bb4 7.O-O Bxc3 8.bxc3 Nxe4
9.Nxc6 Qf6 10.Nd4 Nxc3 11.Qe1 Qxd4 12.Bf3 Ne2+ 13.Bxe2 Qxa1 14.Qb4 Qe5 15.Ba3 d6
16.Bb5+ Ke7 17.Re1 a5 18.Qd2 Qxb5 19.Qxd6+ Kf6 20.Bc5 h6 21.c4 Qxc4 22.Bd4+ Qxd4
23.Qxd4+ Kg6 24.Re3 Kh7 25.Qd3+ f5 26.Qd4 Ra6 27.Rc3 e5 28.Qxe5 Rd8 29.h4 Be6
30.Rc7 Rd7 31.Rxd7 Bxd7 32.Qc7 Bc6 33.Qc8 Be4 34.f3 Rc6 35.Qd8 b6 36.fxe4 fxe4
37.Qd5 Rg6 38.Qxe4 h5 39.g4  1-0

[Event "2nd Science Park Open A"]
[Site "Amsterdam NED"]
[Date "2012.07.18"]
[Round "5"]
[White "Bijlsma,N"]
[Black "Losekoot,P"]
[Result "1-0"]
[WhiteElo "2130"]
[BlackElo "2084"]

1.e4 c5 2.Nf3 e6 3.d4 cxd4 4.Nxd4 Nc6 5.Nc3 d6 6.Be2 Be7 7.O-O Nf6 8.Be3 O-O
9.Kh1 a6 10.a4 Qc7 11.f4 Re8 12.a5 Nxa5 13.e5 Nd5 14.Nxe6 Bxe6 15.Nxd5 Bxd5
16.Qxd5 Nc6 17.Bc4 dxe5 18.Qxf7+ Kh8 19.Bd3 Qd6 20.Rf3 Rf8 21.Qh5 g6 22.Qg4 Rad8
23.Raf1 exf4 24.Bxf4 Qd7 25.Qg3 Qd5 26.Qe1 Bc5 27.Rh3 Kg8 28.Qh4 Rd7 29.Bxg6 Rxf4
30.Bxh7+ Kh8 31.Qxf4 Rxh7 32.Qf6+ Kg8 33.Qg6+ Rg7 34.Qe8+ Bf8 35.Rxf8+  1-0

[Event "ch-MNE 2012"]
[Site "Cetinje MNE"]
[Date "2012.07.18"]
[Round "11.1"]
[White "Djukic,Ni"]
[Black "Kisic,B"]
[Result "1-0"]
[WhiteElo "2515"]
[BlackElo "2054"]

1.e4 c5 2.Nf3 e6 3.d4 cxd4 4.Nxd4 Nc6 5.Nc3 Qc7 6.Be2 a6 7.O-O Nf6 8.Be3 b5
9.Nxc6 dxc6 10.f4 Bb7 11.e5 Rd8 12.Bd3 Nd5 13.Nxd5 cxd5 14.Bd4 Bc5 15.c3 g6
16.Qd2 Qb6 17.Qe3 Bxd4 18.cxd4 O-O 19.g4 Bc8 20.b4 Bd7 21.Rac1 a5 22.bxa5 Qa6
23.Qd2 Rc8 24.a4 Qa7 25.Bxb5 Rb8 26.Rc5 Ra8 27.a6 Bc8 28.Rc6 Qe7 29.Qe3 Qh4
30.Qg3 Qe7 31.Rfc1 Bd7 32.Rc7 Rfc8 33.Bxd7 Rxc7 34.Rxc7 Qb4 35.Qe3  1-0

[Event "ch-SUI Hauptturnier 1 2012"]
[Site "Flims SUI"]
[Date "2012.07.18"]
[Round "7"]
[White "Duport,N SUI"]
[Black "Lienhard,A"]
[Result "0-1"]
[WhiteElo "2218"]
[BlackElo "2099"]

1.e4 c5 2.Nf3 e6 3.d4 cxd4 4.Nxd4 Nc6 5.Nc3 Qc7 6.Be3 a6 7.Be2 Nf6 8.O-O b5
9.Nxc6 dxc6 10.f3 Be7 11.a4 b4 12.Nb1 Bd6 13.Kh1 Bxh2 14.f4 Bg3 15.Rf3 Nh5
16.e5 g5 17.fxg5 Bxe5 18.Nd2 Ng3+ 19.Kg1 c5 20.Nc4 Bb7 21.Rf2 Ne4 22.Rxf7 Bh2+
23.Kh1 Kxf7 24.Bd3 Ke7 25.Qg4 Qg3 26.Qe2 Qh4 27.Bxe4 Bxe4 28.Bxc5+ Bd6+  0-1

[Event "Turkish Bank Chess League 2012"]
[Site "Konya TUR"]
[Date "2012.07.18"]
[Round "8"]
[White "Okus,M"]
[Black "Firat,B"]
[Result "1/2-1/2"]
[WhiteElo "1966"]
[BlackElo "2408"]

1.e4 c5 2.Nf3 Nc6 3.d4 cxd4 4.Nxd4 e6 5.Nc3 d6 6.Be3 Nf6 7.g4 Nxd4 8.Bxd4 e5
9.Be3 Bxg4 10.Qd3 a6 11.Rg1 h6 12.Nd5 Nxd5 13.Qxd5 Qd7 14.Rxg4 Qxg4 15.Qxb7 Qc8
16.Bxa6 Qxb7 17.Bxb7 Rb8 18.Bc6+ Kd8 19.a4 Be7 20.a5 Kc7 21.Bd5 Bg5 22.b3 Bxe3
23.fxe3 Rbf8 24.b4 Kb8 25.b5 Ka7 26.b6+ Ka6 27.Bc4+ Kb7 28.Rb1 Ra8 29.Bd5+ Ka6
30.Bxa8 Rxa8 31.Kd2 Rb8 32.Ra1 Rc8 33.c3 h5 34.Kc2 h4 35.h3 Rg8 36.Kb3 g5
37.Kc4 g4 38.hxg4 Rxg4 39.Kd5 h3 40.Kxd6 Rxe4 41.Rb1 h2 42.b7 h1=Q 43.b8=N+ Kxa5
44.Nc6+ Ka4 45.Rxh1 Kb3 46.Kd5 Rxe3 47.c4 Rd3+ 48.Kc5 e4 49.Nd4+ Kc3 50.Rc1+ Kd2
51.Rc2+ Kd1 52.Rf2 e3 53.Rf1+ Kd2 54.Rxf7 Kc3 55.Ne2+ Kd2 56.Nf4 Rd8 57.Re7 Rc8+
58.Kb5  1/2-1/2

[Event "27th Gniota Memorial"]
[Site "Police POL"]
[Date "2012.07.18"]
[Round "8.8"]
[White "Jacek,K"]
[Black "Schmidt,Wl"]
[Result "0-1"]
[WhiteElo "2074"]
[BlackElo "2382"]

1.e4 c5 2.Nf3 e6 3.d4 cxd4 4.Nxd4 Nc6 5.Nc3 Qc7 6.Be3 a6 7.Bd3 Nf6 8.O-O Nxd4
9.Bxd4 Bc5 10.Bxc5 Qxc5 11.Qe2 d6 12.Kh1 e5 13.f4 Be6 14.Rad1 Bg4 15.Qd2 Bxd1
16.Qxd1 Rc8 17.Qf3 exf4 18.Qh3 Rc7 19.Rxf4 Qe5 20.Rf5 Qe7 21.e5 dxe5 22.Qg3 O-O
23.Rxe5 Qd8 24.Rg5 g6 25.h4 Kh8 26.Qf4 Re8 27.Ne2 Nh5 28.Qa4 Rce7 29.Qc4 Qd6
30.Qg4 f5 31.Qf3 Re3 32.Qf2 Qe5 33.Rxh5 gxh5 34.Nf4 Re1+ 35.Kh2 Qe3 36.Qxe3 R8xe3
37.Nxh5 Rxd3 38.cxd3 Re2 39.Ng3 Rxb2 40.Nxf5 Rxa2 41.d4  0-1

[Event "16th Battle of Senta Open A"]
[Site "Senta SRB"]
[Date "2012.07.18"]
[Round "6.21"]
[White "Sakic,S"]
[Black "Andrejic,V"]
[Result "1/2-1/2"]
[WhiteElo "1961"]
[BlackElo "2182"]

1.e4 c5 2.Nf3 e6 3.d4 cxd4 4.Nxd4 Nc6 5.Nc3 Qc7 6.Be3 a6 7.a3 b5 8.Bd3 Bb7
9.O-O Bd6 10.h3 Nge7 11.Nxc6 Qxc6 12.Qe2 O-O 13.f4 Bc5 14.Bxc5 Qxc5+ 15.Kh1 Rac8
16.e5 d5 17.Qg4 g6 18.h4 h5 19.Qg5 Nf5 20.Rae1 Qe7 21.Kh2 Rc7 22.Qxe7 Rxe7
23.Bxf5 gxf5 24.Ne2 Rc8 25.c3 Kh7 26.Nd4 Rec7 27.Re3 Rg8 28.Rg3 Rg4 29.Rxg4 hxg4
30.g3 Bc8 31.Kg2 Bd7 32.Kf2 a5 33.Ke3 Kg7 34.Rf2  1/2-1/2

[Event "2nd Science Park Open A"]
[Site "Amsterdam NED"]
[Date "2012.07.19"]
[Round "6"]
[White "Losekoot,P"]
[Black "Brink,B"]
[Result "1-0"]
[WhiteElo "2084"]
[BlackElo "2195"]

1.e4 c5 2.Nf3 e6 3.d4 cxd4 4.Nxd4 Nc6 5.Nc3 Qc7 6.Be3 Nf6 7.Bd3 a6 8.O-O Ne5
9.h3 Bc5 10.Kh1 d6 11.f4 Ng6 12.Qe1 O-O 13.f5 Ne5 14.Qh4 b5 15.Rf3 exf5 16.exf5 Nxf3
17.gxf3 Bb7 18.Rg1 Bxf3+ 19.Nxf3 Bxe3 20.Qxf6 Bxg1 21.Qg5 Qc5 22.Qxg1 Rfe8
23.f6 Qxg1+ 24.Kxg1 gxf6 25.Nd5 Re6 26.Kf2 Rc8 27.b4 Kg7 28.Nd4 Re5 29.Nf5+ Kf8
30.Nfe3 Kg7 31.a3 Rc6 32.Kf3 Rc8 33.Kf4 Rc6 34.Nf5+ Rxf5+ 35.Kxf5 Rc8 36.h4 h6
37.h5 Rc6 38.Ke4 f5+ 39.Kxf5 Rc8 40.Kf4 Re8 41.Nc7 Rc8 42.Nxa6 Rc3 43.Bxb5 Rxa3
44.c4 Rb3 45.Bc6 Kf6 46.b5 Ke7 47.Nc7 Kd8 48.Nd5 Rb1 49.b6 Kc8 50.b7+  1-0

[Event "72nd ch-ITA S/F 2012"]
[Site "Civitanova Marche ITA"]
[Date "2012.07.19"]
[Round "6"]
[White "Caprio,G"]
[Black "Gagliardi,Ch"]
[Result "1/2-1/2"]
[WhiteElo "2430"]
[BlackElo "2209"]

1.e4 c5 2.Nf3 Nc6 3.d4 cxd4 4.Nxd4 e6 5.Nc3 Qc7 6.g3 a6 7.Bg2 Nf6 8.O-O Nxd4
9.Qxd4 Bc5 10.Bf4 d6 11.Qd3 h6 12.Rad1 e5 13.Be3 Be6 14.Bxc5 dxc5 15.Nd5 Bxd5
16.exd5 Qd6 17.f4 O-O 18.fxe5 Qxe5 19.d6 Qxb2 20.c3 Rad8 21.Rb1 c4 22.Qxc4 Qa3
23.Rxf6 gxf6 24.Qg4+ Kh8 25.Qf5 Kg7 26.Qg4+ Kh8 27.Qf5 Kg7 28.Be4 Rh8 29.Rxb7 Qc1+
30.Kg2 Qd2+ 31.Kf3 Qd1+ 32.Kf2 Qd2+ 33.Kf3 Qd1+ 34.Kg2 Qd2+ 35.Kg1 Qe1+ 36.Kg2  1/2-1/2

[Event "72nd ch-ITA S/F 2012"]
[Site "Civitanova Marche ITA"]
[Date "2012.07.19"]
[Round "6"]
[White "Xia,J"]
[Black "Rettore,L"]
[Result "0-1"]
[WhiteElo "2301"]
[BlackElo "2119"]

1.e4 c5 2.Nf3 e6 3.d4 cxd4 4.Nxd4 Nc6 5.Nc3 d6 6.Bc4 Nf6 7.Bb3 Be7 8.Be3 O-O
9.Qe2 a6 10.O-O-O Qc7 11.g4 Na5 12.g5 Nxb3+ 13.axb3 Nd7 14.f4 b5 15.f5 b4
16.Na4 Nc5 17.f6 Bd8 18.Nxc5 dxc5 19.Qc4 cxd4 20.fxg7 Re8 21.Qxd4 e5 22.Qxb4 Be7
23.Qd2 Be6 24.Kb1 a5 25.h4 a4 26.g6 fxg6 27.b4 Qc4  0-1

[Event "Helmut-Kohls-Turnier 2012"]
[Site "Dortmund GER"]
[Date "2012.07.19"]
[Round "6"]
[White "Poetsch,H"]
[Black "Andersen,Mad"]
[Result "1-0"]
[WhiteElo "2436"]
[BlackElo "2459"]

1.e4 c5 2.Nf3 e6 3.Nc3 Nc6 4.d4 cxd4 5.Nxd4 Qc7 6.Be3 a6 7.Qd2 Nf6 8.O-O-O Bb4
9.f3 O-O 10.a3 Be7 11.g4 b5 12.g5 Ne8 13.Nxc6 Qxc6 14.Ne2 b4 15.axb4 a5 16.b5 Qxb5
17.Nc3 Qb7 18.Na4 Qc6 19.Nb6 Rb8 20.Qxa5 Nc7 21.Rd3 f5 22.Rc3 Qb7 23.Rb3 fxe4
24.Nxd7 Qxb3 25.cxb3 Bxd7 26.fxe4 Nb5 27.Qd2 Rfc8+ 28.Bc4 Nd6 29.Kb1 Kh8
30.e5 Nxc4 31.Qxd7 Na3+ 32.Ka2 Nc2 33.Qxe7 Nxe3 34.Qxe6 Nc2 35.Kb1 Nd4 36.Qh3 Nxb3
37.Rd1 Na5 38.g6 h6 39.Rc1 Nc4 40.Rc2 Rc6 41.e6 Re8 42.Qb3 Rcxe6 43.Qxc4 Rxg6
44.Qf7 Rge6 45.Rc7 Re1+ 46.Ka2 Ra8+ 47.Ra7 Rg8 48.Re7 Ra8+ 49.Kb3 Rb8+ 50.Kc2 Rg1
51.Re8+  1-0

[Event "FIDE WGP Jermuk 2012"]
[Site "Jermuk ARM"]
[Date "2012.07.19"]
[Round "3"]
[White "Ruan Lufei"]
[Black "Mkrtchian,L"]
[Result "1-0"]
[WhiteElo "2483"]
[BlackElo "2450"]

1.e4 c5 2.Nf3 e6 3.d4 cxd4 4.Nxd4 Nc6 5.Nc3 Qc7 6.Be2 a6 7.O-O Nf6 8.Be3 Bb4
9.Na4 Be7 10.Nxc6 bxc6 11.Nb6 Rb8 12.Nxc8 Qxc8 13.Bd4 c5 14.Be5 Rb6 15.Qd3 d6
16.Bc3 O-O 17.b3 d5 18.exd5 Nxd5 19.Be5 Bf6 20.Bxf6 Nxf6 21.Rad1 h6 22.Rd2 Qc7
23.Rfd1 g6 24.h3 e5 25.Qe3 Kg7 26.a4 Re8 27.Bc4 Rc6 28.Qe2 Qb6 29.Qf3 Re7
30.Rd8 Qc7 31.Ra8 Rd7 32.Rxa6 Rxa6 33.Bxa6 Rxd1+ 34.Qxd1 Qa5 35.Bc4 Qc3 36.Qe2 Qa1+
37.Kh2 e4 38.Qe3 Qe5+ 39.Qg3 Qe7 40.a5 e3 41.Qxe3 Qc7+ 42.g3 Qxa5 43.Qe7  1-0

[Event "5th Paleochora Open"]
[Site "Paleochora GRE"]
[Date "2012.07.19"]
[Round "5.25"]
[White "Sandalakis,N"]
[Black "Koutoukidis,P"]
[Result "1/2-1/2"]
[WhiteElo "1948"]
[BlackElo "2175"]

1.e4 c5 2.Nf3 e6 3.d4 cxd4 4.Nxd4 Nc6 5.Nc3 a6 6.Nxc6 bxc6 7.Bd3 d5 8.O-O Nf6
9.Qe2 Be7 10.b3 O-O 11.Bb2 Bb7 12.Na4 Qc7 13.c4 dxe4 14.Bxe4 Nxe4 15.Qxe4 c5
16.Qe5 Qxe5 17.Bxe5 f6 18.Bf4 Bc6 19.Nc3 g5 20.Be3 f5 21.Rad1 Rfd8 22.f4 h6
23.Kf2 Kf7 24.Rxd8 Rxd8 25.Rd1 Rg8 26.Ne2 Ra8 27.Nc1 Be4 28.Nd3 Bxd3 29.Rxd3 Ke8
30.g4 Rd8 31.Rxd8+ Kxd8 32.Kf3 Kd7 33.h3  1/2-1/2

[Event "23rd Czech Open Rapid"]
[Site "Pardubice CZE"]
[Date "2012.07.19"]
[Round "5.1"]
[White "Kravtsiv,M"]
[Black "Zakhartsov,Vi"]
[Result "1-0"]
[WhiteElo "2582"]
[BlackElo "2547"]

1.e4 c5 2.Nf3 e6 3.d4 cxd4 4.Nxd4 Nc6 5.Nc3 Qc7 6.Be3 a6 7.Qd2 Nf6 8.O-O-O Bb4
9.f3 O-O 10.g4 b5 11.g5 Ne8 12.Nxc6 dxc6 13.Qf2 e5 14.h4 f6 15.Bc5 Bxc5 16.Qxc5 Be6
17.Bg2 Rc8 18.Rd2 Rf7 19.Rhd1 Qa7 20.Qxa7 Rxa7 21.Ne2 g6 22.b3 Kf7 23.f4 exf4
24.Nxf4 Bg4 25.Rf1 Kg7 26.gxf6+ Nxf6 27.e5 Ne8 28.Be4 Re7 29.Rg1 Rxe5 30.Bxg6 Nf6
31.Bh5 Nxh5 32.Rxg4+ Kf6 33.Nd3 Rf5 34.b4 a5 35.a3 axb4 36.axb4 Rd8 37.Re2 Rf1+
38.Kb2 Rf5 39.Nc5 Kf7 40.Rge4 Nf6 41.Re7+ Kg6 42.Rg2+ Kh6 43.Re6 Rd4 44.c3 Rxh4
45.Rxc6 Kh5 46.Ne6 Kh6 47.Nd4 Rf1 48.Nxb5 Rhf4 49.Nd4 R4f2+ 50.Rxf2 Rxf2+
51.Kb3 Kg5 52.b5 Ne4 53.b6 Rf1 54.Kc2 Rf2+ 55.Kd3 Kf4 56.Ne2+ Kf3 57.b7  1-0

[Event "Turkish Bank Chess League 2012"]
[Site "Konya TUR"]
[Date "2012.07.20"]
[Round "11"]
[White "Mamedov,Rau"]
[Black "Tregubov,P"]
[Result "1/2-1/2"]
[WhiteElo "2628"]
[BlackElo "2595"]

1.e4 c5 2.Nf3 e6 3.d4 cxd4 4.Nxd4 Nc6 5.Nc3 Nf6 6.Ndb5 Bc5 7.Nd6+ Ke7 8.Nxc8+ Rxc8
9.Bd3 Qc7 10.O-O a6 11.Kh1 h5 12.Bg5  1/2-1/2

[Event "5th Paleochora Open"]
[Site "Paleochora GRE"]
[Date "2012.07.20"]
[Round "6.14"]
[White "Koutoukidis,P"]
[Black "Ganguly,S"]
[Result "0-1"]
[WhiteElo "2175"]
[BlackElo "2627"]

1.e4 c5 2.Nf3 e6 3.d4 cxd4 4.Nxd4 Nc6 5.Nc3 Qc7 6.Be3 a6 7.Qd2 Nf6 8.O-O-O Be7
9.Kb1 O-O 10.f4 b5 11.Nxc6 Qxc6 12.e5 b4 13.exf6 bxc3 14.Qxc3 Qxc3 15.bxc3 Bxf6
16.Bd4 Be7 17.Bd3 Bb7 18.Ka1 f6 19.Rhg1 Rfc8 20.g3 d6 21.c4 a5 22.Rge1 Kf7
23.Bb2 g6 24.Bf1 Ba6 25.Ba3 Bxc4 26.Bg2 Ra7 27.Bxd6 Bxa2 28.Bxe7 Rxe7 29.Be4 Bc4
30.f5 gxf5 31.Bxf5 Rb7 32.Bxh7 Rh8 33.Rb1 Rxb1+ 34.Rxb1 f5 35.Rb7+ Kf6 36.h4 Be2
37.Kb2 Bh5 38.Ra7 Bf7 39.Bxf5 exf5 40.Rxa5 Re8 41.Ra4 Bh5 42.Ra3 Re2 43.Rd3 Ke5
44.Rd7 Rg2 45.Rd3 Ke4 46.Kc3 Bf3 47.Rd4+ Ke5  0-1

[Event "23rd Czech Open A"]
[Site "Pardubice CZE"]
[Date "2012.07.20"]
[Round "1.50"]
[White "Olsarova,T"]
[Black "Haba,P"]
[Result "1-0"]
[WhiteElo "2244"]
[BlackElo "2485"]

1.e4 c5 2.Nf3 e6 3.d4 cxd4 4.Nxd4 Nc6 5.Nc3 Qc7 6.Be2 a6 7.O-O Nf6 8.Be3 Bb4
9.Na4 Be7 10.Nxc6 bxc6 11.Nb6 Rb8 12.Nxc8 Qxc8 13.e5 Nd5 14.Bd4 c5 15.c4 cxd4
16.cxd5 Qc5 17.dxe6 fxe6 18.Re1 O-O 19.Bd3 Rf7 20.Rc1 Qa5 21.Re2 Bg5 22.b4 Qa3
23.Rc4 Rxb4 24.Rc8+ Rf8 25.Rxf8+ Kxf8 26.Rc2 Ke7 27.g3 Rb2 28.Qh5 Rb1+ 29.Bf1 h6
30.Rc8 Rxf1+ 31.Kxf1 Qd3+ 32.Kg2 Qe4+ 33.Qf3  1-0

[Event "23rd Czech Open A"]
[Site "Pardubice CZE"]
[Date "2012.07.20"]
[Round "1.36"]
[White "Sochacki,W"]
[Black "Mozharov,M"]
[Result "1/2-1/2"]
[WhiteElo "2263"]
[BlackElo "2500"]

1.e4 c5 2.Nf3 e6 3.d4 cxd4 4.Nxd4 Nc6 5.Nc3 Qc7 6.Be3 Nf6 7.Qd2 Nxd4 8.Qxd4 Ng4
9.Bd2 a6 10.Be2 Ne5 11.f4 Nc6 12.Qe3 b5 13.Bf3 d6 14.O-O Be7 15.Kh1 O-O 16.Rae1 Re8
17.Ne2 Bb7 18.c3 Bf8 19.Qf2 Rad8 20.Be3 Rc8 21.Bb6 Qb8 22.Nd4 Ne7 23.Nb3 Nc6
24.Nd4 Nxd4 25.Bxd4 Bc6 26.e5 Bxf3 27.Qxf3 g6 28.exd6 Qxd6 29.Rd1 Qc7 30.Qe3 Bg7
31.Bxg7 Kxg7 32.Rd4 Qc5 33.Qd2 Re7 34.Re1 Qf5 35.Rd6 Rc4 36.g3 Re4 37.Rd4 Rxe1+
38.Qxe1 e5 39.Re4 f6 40.Qe2 h5 41.Kg2 Kh7 42.fxe5 fxe5 43.b3  1/2-1/2

[Event "23rd Czech Open A"]
[Site "Pardubice CZE"]
[Date "2012.07.20"]
[Round "1.40"]
[White "Wagener,Cl"]
[Black "Volodin,Alek"]
[Result "0-1"]
[WhiteElo "2261"]
[BlackElo "2498"]

1.e4 c5 2.Nf3 e6 3.Nc3 Nc6 4.d4 cxd4 5.Nxd4 Qc7 6.Be3 Nf6 7.Bd3 Nxd4 8.Bxd4 Bc5
9.Bxc5 Qxc5 10.O-O d6 11.Na4 Qa5 12.c4 O-O 13.Nc3 e5 14.a3 Be6 15.Qe2 Rac8
16.Rfc1 g6 17.b4 Qb6 18.Rab1 Rfd8 19.Nd1 Kg7 20.Qe3 Qa6 21.Bf1 Ng4 22.Qf3 Qc6
23.Ne3 Nf6 24.Bd3 b6 25.h3 Rc7 26.Nf1 Rdc8 27.Qe3 Qa4 28.Qd2 Bxc4 29.Bxc4 Rxc4
30.Rxc4 Rxc4 31.Qxd6 Qc2 32.Re1 Qb2 33.Ng3 Rc2 34.Rf1 h5 35.h4 Ng4 36.Qe7 Qd4
37.Qg5 Rxf2  0-1

[Event "23rd Czech Open A"]
[Site "Pardubice CZE"]
[Date "2012.07.20"]
[Round "1.56"]
[White "Folk,P"]
[Black "Krejci,Jan2"]
[Result "0-1"]
[WhiteElo "2233"]
[BlackElo "2476"]

1.e4 c5 2.Nf3 e6 3.Nc3 Nc6 4.d4 cxd4 5.Nxd4 Qc7 6.Be2 a6 7.O-O Nf6 8.Be3 Bb4
9.Na4 O-O 10.Nxc6 bxc6 11.Nb6 Rb8 12.Nxc8 Rfxc8 13.Bxa6 Rf8 14.Bd3 Bd6 15.f4 e5
16.f5 Rxb2 17.g4 Qa5 18.g5 Bc5 19.Bxc5 Qxc5+ 20.Kh1 Ne8 21.Qe2 Rb4 22.Rf3 d5
23.Rh3 g6 24.Rf1 dxe4 25.fxg6 fxg6 26.Rxf8+ Kxf8  0-1

[Event "23rd Czech Open A"]
[Site "Pardubice CZE"]
[Date "2012.07.20"]
[Round "1.66"]
[White "Cuhra,M"]
[Black "Akesson,R"]
[Result "1-0"]
[WhiteElo "2216"]
[BlackElo "2448"]

1.e4 c5 2.Nf3 e6 3.d4 cxd4 4.Nxd4 Nc6 5.Nc3 Qc7 6.g3 a6 7.Bg2 d6 8.O-O Bd7
9.a4 Nf6 10.Be3 Be7 11.h3 O-O 12.Nde2 Ne5 13.b3 Bc6 14.a5 Ned7 15.g4 Nc5
16.Ng3 e5 17.Nd5 Bxd5 18.exd5 g6 19.Bh6 Rfc8 20.Qd2 Ne8 21.Rfc1 Nd7 22.c4 Qd8
23.b4 Rab8 24.Be3 Bf8 25.Kh2 Qe7 26.Ra2 Ng7 27.Be4 f6 28.Rac2 Qf7 29.Qd3 Be7
30.c5 Ne8 31.c6 bxc6 32.dxc6 Nf8 33.Bd5 Ne6 34.c7 Rb5 35.Bb6 N8g7 36.Bc4 Rxb4
37.Bxa6 Qe8 38.Qd5 f5 39.Qb7 Rxc7 40.Rxc7 Nxc7 41.Rxc7  1-0

[Event "30th Andorra Open"]
[Site "Andorra la Vella AND"]
[Date "2012.07.21"]
[Round "1.13"]
[White "Ortiz De Latierro Olivella,Aitor"]
[Black "Szabo,Krisz1"]
[Result "0-1"]
[WhiteElo "1991"]
[BlackElo "2548"]

1.e4 c5 2.Nf3 e6 3.d4 cxd4 4.Nxd4 Nc6 5.Nc3 Qc7 6.Be3 a6 7.Qd2 Nf6 8.f3 Ne5
9.Bf4 Nh5 10.Bxe5 Qxe5 11.g3 Bb4 12.O-O-O Nf6 13.Qe3 Qc5 14.Rd3 d6 15.a3 Bxc3
16.Rxc3 Qa5 17.g4 O-O 18.h4 e5 19.Nf5 Bxf5 20.gxf5 h6 21.Rg1 Kh8 22.f4 Rae8
23.Qg3 Rg8 24.Bd3 Nh5 25.Qg4 Nxf4 26.Bc4 d5 27.exd5 b5 28.Bb3 b4 29.axb4 Qa1+
30.Kd2 Qxb2 31.Qf3 Rc8 32.Rg3 Qa1 33.d6 Rcd8 34.Qc6 Rgf8 35.d7 Qf1 36.Rcf3 Qa1
37.Rc3 Qa3 38.Qd6 a5 39.Rc8 Rxc8 40.dxc8=Q Rxc8 41.Qxe5 Rd8+ 42.Ke3 Nh5 43.Rg1 Qxb4  0-1

[Event "ch-Oklahoma State 2012"]
[Site "Broken Arrow USA"]
[Date "2012.07.21"]
[Round "2.10"]
[White "Klenda,Michael"]
[Black "Temple,J"]
[Result "0-1"]
[WhiteElo "1896"]
[BlackElo "1874"]

1.e4 c5 2.Nf3 e6 3.d4 cxd4 4.Nxd4 Nc6 5.Nc3 Qc7 6.Be3 a6 7.Qd2 Nf6 8.f3 b5
9.O-O-O Bb7 10.g4 b4 11.Na4 Nxd4 12.Bxd4 Bc6 13.Nb6 Rb8 14.Nc4 Qd8 15.Be5 Rc8
16.Nd6+ Bxd6 17.Bxd6 Nxe4 18.Qd4 Nxd6 19.Qxg7 Ke7 20.g5 Rg8 21.Qf6+ Ke8 22.Qxd8+ Rxd8
23.Rxd6 Bxf3 24.Rg1 h6 25.Rg3 Bc6 26.gxh6 Ke7 27.Rd4 Rh8 28.Rh4 a5 29.h7 f5
30.Be2 Rdf8 31.Rh6 Rf7 32.Rgh3 f4 33.Kd2 f3 34.Bf1 Be4 35.R3h5 Bf5 36.c3 bxc3+
37.Kxc3 Rfxh7 38.Rxh7+ Rxh7 39.Rxh7+ Bxh7 40.Kd4 Bb1 41.a3 Ba2 42.b4 axb4
43.axb4 Bd5 44.h4  0-1